Production management systems : strategies and tools for design : proceedings of the IFIP WG5.7 Working Conference on Strategies for Design and Economic Analysis of Computer-supported Production Management Systems, Vienna, Austria, 28-30 September, 1983

Saved in:
Bibliographic Details
Corporate Authors: IFIP WG 5.7 Working Conference on Strategies for Design and Economic Analysis of Computer-supported Production Management Systems Vienna, Austria, International Federation for Information Processing. Working Group 5.7, Automation of Production Planning and Control
Other Authors: Hubner, Heinz, 1936- (Editor), Paterson, Iain
Format: Conference Proceeding Book
Language:English
Published: Amsterdam ; New York : New York : North-Holland ; Sole distributors for the U.S.A. and Canada, Elsevier Science Pub. Co., 1984.
Subjects:
Tags: Add Tag
No Tags, Be the first to tag this record!

MARC

LEADER 00000cam a2200000 i 4500
001 1/24914
008 960208s1984 ne | ||| |||| ||eng||
020 |a 0444875433 
035 |l 10022391 
040 |a GR-MyUa  |b gre  |e AACR2 
041 0 |a eng 
082 7 |a 658.5002854   |2 (19) 
111 2 |a IFIP WG 5.7 Working Conference on Strategies for Design and Economic Analysis of Computer-supported Production Management Systems   |d (1983 :   |c Vienna, Austria) 
245 1 0 |a Production management systems :   |b strategies and tools for design : proceedings of the IFIP WG5.7 Working Conference on Strategies for Design and Economic Analysis of Computer-supported Production Management Systems, Vienna, Austria, 28-30 September, 1983 /   |c edited by Heinz Hubner, co-editor (English language), Iain Paterson. 
260 |a Amsterdam ;   |a New York :   |b North-Holland ;   |a New York :   |b Sole distributors for the U.S.A. and Canada, Elsevier Science Pub. Co.,   |c 1984. 
300 |a xii, 168 σ. :   |b εικ. ;   |c 23 εκ. 
500 |a "Organized by Working Group 5.7, Automation of Production Planning and Control, International Federation for Information Processing (IFIP)%5E--P. ii. 
504 |a Περιλαμβάνει βιβλιογραφίες. 
650 0 |a Production management  |x Data processing  |x Congresses. 
700 1 |a Hubner, Heinz,   |d 1936-  |e edt 
700 1 |a Paterson, Iain. 
710 2 |a International Federation for Information Processing.   |b Working Group 5.7, Automation of Production Planning and Control. 
852 |a INST  |b CHIOS  |e 19960208  |h 658.5002854 HUB  |p 005200002275  |q 005200002275  |t BK  |y 0